000 00710nam a2200253 a 4500
001 42477
003 BD-RjUL
005 20211209053540.0
008 160613s1944 enk b 001 0 eng
035 _a(BD-RjUL)42595
040 _aDLC
_cNGH
_dNGH
_dOCoLC
_dDLC
_dBD-RjUL
_beng
041 _aeng
082 _a338.91
_223
_bHAR 1944
100 1 _aHayek, F. A.
_9130653
245 1 4 _aThe road to serfdom /
_cby F.A. Hayek.
250 _a(Abridged ed.)
260 _aLondon :
_bG. Routledge & sons,
_c1944
300 _a95 p. ;
_c22 cm.
500 _a"First published 1944."
504 _aIncludes Bibliography
650 0 _aEconomic policy.
_9130654
650 0 _aTotalitarianism.
_9130655
942 _2ddc
_cBK
999 _c42477
_d42477